00286nam a2200121Ia 4500008004100000100001500041245004000056260002600096300000800122650001000130942000700140999001700147190216s9999||||xx |||||||||||||| ||und|| aShripanath 0aHindi- Matiyaburz Ka Aakhiree Navab bUdgam Prakashanc2008 a159 aHindi cBK c16534d16534